Introduction to computer theory (Record no. 5279)

MARC details
000 -LEADER
fixed length control field 00502nam a2200169Ia 4500
003 - CONTROL NUMBER IDENTIFIER
control field SGT
020 ## - INTERNATIONAL STANDARD BOOK NUMBER
International Standard Book Number 9788126513345
082 ## - DEWEY DECIMAL CLASSIFICATION NUMBER
Classification number 4
Item number COH
100 ## - MAIN ENTRY--PERSONAL NAME
Personal name Cohen,Daniel I.A.
245 ## - TITLE STATEMENT
Title Introduction to computer theory
250 ## - EDITION STATEMENT
Edition statement 2nd Ed.
260 ## - PUBLICATION, DISTRIBUTION, ETC. (IMPRINT)
Name of publisher, distributor, etc Wiley India Pvt. Ltd.
Place of publication, distribution, etc N.Delhi
Year of Publication 2008
300 ## - PAGE DESCRIPTION
No. of Pages 634p.
650 ## - SUBJECT ADDED ENTRY--TOPICAL TERM
Topical term or geographic name as entry element COMPUTER SCIENCE
653 ## - KEYWORDS--INDEX TERM
Keyword term BACKGROUND, LANGUAGE, RECURSIVE DEFINITIONS, REGULAR EXPRESSIONS, FINITE'AUTOMATE, TRANSITION GRAPHS, PUSH DOWN AUTOMATA
942 ## - ADDED ENTRY ELEMENTS (KOHA)
Source of classification or shelving scheme Dewey Decimal Classification
Koha item type Books
942 ## - ADDED ENTRY ELEMENTS (KOHA)
-- 5
Holdings
Withdrawn status Lost status Source of classification or shelving scheme Damaged status Not for loan Home library Current library Date acquired SGTU Total Checkouts Full call number Accession No. (Barcode) Date last seen Date last borrowed Bill Date Koha item type
    Dewey Decimal Classification     SGT Engineering Library SGT Engineering Library 02/07/2011 SGTU 1 4 COH FE3731 08/05/2026 04/05/2026 09/02/2015 Books
    Dewey Decimal Classification     SGT Engineering Library SGT Engineering Library 02/07/2011 SGTU 1 4 COH FE3732 16/04/2026 16/04/2026 09/02/2015 Books
    Dewey Decimal Classification     SGT Engineering Library SGT Engineering Library 02/07/2011 SGTU 1 4 COH FE3733 27/12/2017 09/09/2017 09/02/2015 Books
    Dewey Decimal Classification     SGT Engineering Library SGT Engineering Library 02/07/2011 SGTU 7 4 COH FE3734 11/05/2026 13/02/2026 09/02/2015 Books
    Dewey Decimal Classification     SGT Engineering Library SGT Engineering Library 02/07/2011 SGTU   4 COH FE3735 09/02/2015   09/02/2015 Books